000 00740nam a22002417a 4500
001 36576
003 UA-OsUOA
005 20260330155440.0
008 20061005b un ||||| |||| 00| 0 ukr d
040 _aUA-OsUOA
_beng
_cUA-OsUOA
_dUA-OsUOA
041 _aeng
080 _a14
090 _a14
_bJ25
100 _aJarmus S.
_924765
245 _aPamphil D. Yurkevych and His Philisophic Legacy.
_cStephan Jarmus
260 _aWinnipeg
_c1979
_bPublished by St. Andrew's College in Winnipeg
300 _a80 p.
650 7 _2UDC
_a1 Філософські науки
_91599
942 _cBK
_2udc
955 _a4
999 _c435097
_d435097